[Event "BSenEM 2014"]
[Site "Berlin"]
[Date "2014.02.01"]
[Round "3.1"]
[White "Trefzer, Erhard"]
[Black "Simon, Ralf Axel"]
[Result "0-1"]
[WhiteElo "1961"]
[BlackElo "2190"]
[Annotator "Jaeger,André"]
[PlyCount "71"]
[EventDate "2014.01.30"]
[WhiteTeam "SV Besigheim"]
[BlackTeam "TSG Neuruppin"]

1. e4 c5 2. Nf3 e6 3. d4 cxd4 4. Nxd4 Nc6 5. Nc3 Qc7 6. Be3 a6 7. Be2 Nf6 8.
O-O Bb4 9. f3 O-O 10. Nb3 Bxc3 11. bxc3 d6 12. c4 b6 13. Qe1 e5 14. Qf2 Nd7 15.
g4 a5 16. Bd3 Ba6 17. Rab1 Rfb8 18. Nd2 Nd8 19. Rb2 Ne6 20. Rfb1 Nec5 21. Re1
Rb7 22. Rbb1 Qc6 23. Qf1 Rc8 24. Ra1 Na4 25. Reb1 Rcb8 26. Nb3 Rc8 27. Nd2 Rbb8
28. Kh1 Nac5 29. Kg1 Qc7 30. Qf2 Qd8 31. Kh1 Rb7 32. Bf1 Rcb8 33. Bd3 Qf6 34.
Nb3 Qd8 35. Nd2 Ra7 36. h3 {Rest unleserlich/unklar.} 0-1

[Event "BSenEM 2014"]
[Site "Berlin"]
[Date "2014.02.01"]
[Round "3.2"]
[White "Reichenbach, Werner"]
[Black "Jaeger, Andre"]
[Result "1/2-1/2"]
[WhiteElo "2183"]
[BlackElo "1936"]
[Annotator "Jaeger,André"]
[PlyCount "62"]
[EventDate "2014.01.30"]
[WhiteTeam "SC Oberkrämer"]
[BlackTeam "SC Rochade e.V."]

1. d4 Nf6 2. c4 d6 3. Nf3 g6 4. g3 Bg7 5. Bg2 O-O 6. O-O Nbd7 7. Nc3 e5 8. e4
Re8 9. h3 a6 10. Re1 exd4 11. Nxd4 Rb8 12. Rb1 c5 13. Nc2 Ne5 14. b3 Nc6 15.
Bg5 h6 16. Bf4 Nh5 17. Bd2 Nd4 18. Be3 Nxc2 19. Qxc2 f5 20. exf5 Bxf5 21. Qd2
Bxb1 22. Nxb1 Kh7 23. g4 Nf6 24. Nc3 Qa5 25. Rc1 Re6 26. a4 Qb4 27. Qc2 Rbe8
28. Bd2 Qb6 29. Bf3 Qc7 30. Kg2 Qe7 31. Rf1 b6 1/2-1/2

[Event "BSenEM 2014"]
[Site "Berlin"]
[Date "2014.02.01"]
[Round "3.3"]
[White "Meissner, Hans Juergen"]
[Black "Richter, Hans Peter"]
[Result "1-0"]
[WhiteElo "2110"]
[BlackElo "1914"]
[Annotator "Jaeger,André"]
[PlyCount "55"]
[EventDate "2014.01.30"]
[WhiteTeam "SV Empor Berlin e.V."]
[BlackTeam "SV Königsjäger Süd-West e.V."]

1. e4 e5 2. Nf3 Nc6 3. Bb5 a6 4. Ba4 Nf6 5. O-O Be7 6. Re1 b5 7. Bb3 O-O 8. h3
d6 9. c3 Na5 10. Bc2 c5 11. d4 Nc6 12. d5 Nb8 13. a4 bxa4 14. Nbd2 Nfd7 15.
Bxa4 Nb6 16. Bc2 f5 17. exf5 Bxf5 18. Bxf5 Rxf5 19. c4 a5 20. b3 Qd7 21. Ne4 a4
22. Bd2 h6 23. Nh2 Rf8 24. Ng4 Kh7 25. Qc2 Kh8 26. Nxc5 Qc8 27. Ne6 axb3 28.
Qg6 1-0

[Event "BSenEM 2014"]
[Site "Berlin"]
[Date "2014.02.01"]
[Round "3.4"]
[White "Schulz, Wolfgang"]
[Black "Grottke, Hans Joachim"]
[Result "1/2-1/2"]
[WhiteElo "1954"]
[BlackElo "2110"]
[Annotator "Jaeger,André"]
[PlyCount "158"]
[EventDate "2014.01.30"]
[WhiteTeam "Hamburger SK von 1830 eV"]
[BlackTeam "SC Empor Potsdam 1952 e.V."]

1. e4 e6 2. d3 d5 3. Nd2 Nf6 4. Ngf3 Nc6 5. c3 a5 6. Be2 Be7 7. O-O O-O 8. Re1
dxe4 9. dxe4 Bc5 10. Bf1 Ng4 11. Re2 b6 12. h3 Nge5 13. Nxe5 Nxe5 14. Qc2 Ba6
15. c4 a4 16. b3 a3 17. Rb1 Qd6 18. Kh1 Rfd8 19. Nf3 Nxf3 20. gxf3 e5 21. Rd2
Qe7 22. Rxd8+ Rxd8 23. Be3 Bxe3 24. fxe3 Qd7 25. Re1 Qd2 26. Re2 Qxc2 27. Rxc2
Rd1 28. Kg2 Kf8 29. Kf2 c5 30. Ke2 Rb1 31. Rd2 Ke7 32. Kf2 g5 33. Bd3 Ra1 34.
Bf1 Bc8 35. Rc2 Be6 36. Rd2 Rb1 37. Rc2 Bxh3 38. Bxh3 Rb2 39. Re2 Kf6 40. Ke1
Kg6 41. Kd1 Rb1+ 42. Kc2 Rb2+ 43. Kd3 Kh5 44. Rxb2 axb2 45. Kc2 Kh4 46. Bf5 h5
47. a3 Kg3 48. b4 Kxf3 49. bxc5 bxc5 50. a4 g4 51. a5 h4 52. a6 h3 53. a7 b1=Q+
54. Kxb1 h2 55. a8=Q h1=Q+ 56. Kb2 g3 57. Qg8 Qh5 58. Qd8 Qh2+ 59. Ka3 Qc2 60.
Qf6 Qc3+ 61. Ka2 Qxc4+ 62. Ka1 Qc1+ 63. Ka2 Qd2+ 64. Ka1 Qxe3 65. Bh3+ Qf4 66.
Qa6 Qc1+ 67. Ka2 Qc2+ 68. Ka3 Qc3+ 69. Ka2 Qd2+ 70. Ka3 Qe3+ 71. Ka4 Qxe4+ 72.
Ka3 Qb4+ 73. Ka2 Qd2+ 74. Kb3 Qe3+ 75. Ka4 c4 76. Qc6+ e4 77. Qf6+ Ke2 78. Qf1+
Kd2 79. Qxc4 Qa7+ 1/2-1/2

[Event "BSenEM 2014"]
[Site "Berlin"]
[Date "2014.02.01"]
[Round "3.5"]
[White "Barwich, Alfred"]
[Black "Welz, Peter"]
[Result "0-1"]
[WhiteElo "1893"]
[BlackElo "2025"]
[Annotator "Jaeger,André"]
[PlyCount "58"]
[EventDate "2014.01.30"]
[WhiteTeam "SV Berolina Mitte e.V."]
[BlackTeam "SV Empor Berlin e.V."]

1. c4 f5 2. g3 Nf6 3. Bg2 g6 4. Nc3 Bg7 5. d3 O-O 6. Nf3 d6 7. d4 Nc6 8. O-O e5
9. dxe5 dxe5 10. e3 e4 11. Nd4 Ne5 12. c5 c6 13. Rb1 Nd3 14. b4 Nxc1 15. Rxc1
Ng4 16. Nce2 g5 17. Qb3+ Kh8 18. Rcd1 Qe8 19. Rd2 Qh5 20. h3 Ne5 21. f4 exf3
22. Nxf3 Nxf3+ 23. Rxf3 Qe8 24. Nd4 Bd7 25. Qd3 Qe5 26. Rdf2 Rad8 27. Qc2 f4
28. Ne2 fxe3 29. Rxf8+ Rxf8 0-1

[Event "BSenEM 2014"]
[Site "Berlin"]
[Date "2014.02.01"]
[Round "3.6"]
[White "Pueschel, Werner"]
[Black "Paul, Reinhart"]
[Result "1/2-1/2"]
[WhiteElo "2008"]
[BlackElo "1873"]
[Annotator "Jaeger,André"]
[PlyCount "93"]
[EventDate "2014.01.30"]
[WhiteTeam "SG Lasker Steglitz-Wilmersdorf"]
[BlackTeam "CFC Hertha 06 e.V."]

1. Nf3 d5 2. c4 Nf6 3. e3 e6 4. b3 c5 5. Bb2 Nc6 6. Be2 d4 7. exd4 cxd4 8. d3
e5 9. O-O Bd6 10. h3 O-O 11. Nbd2 h6 12. a3 a5 13. Re1 Bf5 14. Nf1 Qd7 15. Ng3
Be6 16. Nd2 Nh7 17. Nge4 Be7 18. g4 f5 19. gxf5 Bxf5 20. Bg4 h5 21. Bxh5 Bxh3
22. Kh2 Bh4 23. Nf3 Bg4 24. Bxg4 Qxg4 25. Nxh4 Qxh4+ 26. Kg2 Ng5 27. Rh1 Qf4
28. Bc1 Qf3+ 29. Qxf3 Nxf3 30. Ra2 b6 {(=)} 31. Re2 Ra7 32. Rh3 Raf7 33. b4
axb4 34. axb4 Nxb4 35. Ba3 Nxd3 36. Bxf8 Nf4+ 37. Kxf3 Nxh3+ 38. Kg3 Nf4 39.
Rb2 Kxf8 40. Rxb6 Rc7 41. c5 Ne2+ 42. Kf3 Nc3 43. Ng5 Ke7 44. Re6+ Kd7 45. Rxe5
Rc6 46. Ne4 Re6 47. Rxe6 1/2-1/2

[Event "BSenEM 2014"]
[Site "Berlin"]
[Date "2014.02.01"]
[Round "3.7"]
[White "Maetzing, Hans Dieter"]
[Black "Shapiro, Yosip"]
[Result "0-1"]
[WhiteElo "1843"]
[BlackElo "2005"]
[Annotator "Jaeger,André"]
[PlyCount "70"]
[EventDate "2014.01.30"]
[WhiteTeam "SG Narva Berlin e.V."]
[BlackTeam "SV Berolina Mitte e.V."]

1. Nc3 c5 2. Nf3 Nc6 3. d4 cxd4 4. Nxd4 e6 5. Bf4 d6 6. Ndb5 e5 7. Bg3 a6 8.
Na3 b5 9. Nd5 Be6 10. e4 Nd4 11. c3 Bxd5 12. exd5 Nf5 13. Qd3 Ngh6 14. Nc2 Be7
15. Nb4 O-O 16. Be2 Bf6 17. f3 Bh4 18. Bf2 Bxf2+ 19. Kxf2 Qb6+ 20. Ke1 Nh4 21.
g3 Ng6 22. Nc2 f5 23. a4 bxa4 24. Rxa4 Qxb2 25. Rb4 Qc1+ 26. Qd1 Qg5 27. Kf2 a5
28. Ra4 Rac8 29. h4 Qd8 30. Qa1 Rc5 31. Rb1 f4 32. Rh1 fxg3+ 33. Kxg3 Nf5+ 34.
Kf2 Nf4 35. Bf1 Qb6 0-1

[Event "BSenEM 2014"]
[Site "Berlin"]
[Date "2014.02.01"]
[Round "3.9"]
[White "Burger, Heinrich"]
[Black "Fleischer, Matthias"]
[Result "1-0"]
[WhiteElo "1961"]
[BlackElo "1757"]
[Annotator "Jaeger,André"]
[PlyCount "77"]
[EventDate "2014.01.30"]
[WhiteTeam "VfB Hermsdorf e.V."]
[BlackTeam "SV Einheit Schwerin"]

1. d4 e6 2. c4 Bb4+ 3. Bd2 a5 4. Nf3 Nf6 5. g3 c5 6. Bg2 Nc6 7. O-O cxd4 8.
Bxb4 Nxb4 9. Nxd4 O-O 10. Nc3 d5 11. a3 Nc6 12. cxd5 exd5 13. e3 Nxd4 14. Qxd4
Be6 15. Rfd1 Ra6 16. e4 Ne8 17. exd5 Rd6 18. Nb5 Rd7 19. d6 Qg5 20. a4 Nf6 {(=)
} 21. Rac1 Rfd8 22. Rc5 Qg4 23. Qxg4 Bxg4 24. Re1 Be6 25. Rc7 Ne8 26. Bxb7 Nxd6
27. Rxd7 Rxd7 28. Nxd6 Rxd6 29. Bc8 Kf8 30. Bxe6 Rxe6 31. Rxe6 fxe6 32. Kf1 Ke7
33. Ke2 Kd6 34. Kd3 Kc5 35. Kc3 e5 36. f3 g5 37. g4 h6 38. h3 Kd5 39. b4 1-0

[Event "BSenEM 2014"]
[Site "Berlin"]
[Date "2014.02.01"]
[Round "3.10"]
[White "Rahls, Peter"]
[Black "Petkov, Peter"]
[Result "1/2-1/2"]
[WhiteElo "2169"]
[BlackElo "1857"]
[Annotator "Jaeger,André"]
[PlyCount "79"]
[EventDate "2014.01.30"]
[WhiteTeam "SK Zehlendorf e.V."]
[BlackTeam "SV Bau-Union e.V."]

1. e4 c6 2. c4 g6 3. d4 d5 4. cxd5 cxd5 5. exd5 Nf6 6. Bb5+ Bd7 7. Bc4 Bg7 8.
Nf3 O-O 9. Ne5 Bf5 10. Nc3 Nbd7 11. O-O Nb6 12. Qb3 Rc8 13. Be2 Nfxd5 14. Bf3
Be6 15. Qd1 Nxc3 16. bxc3 Bd5 17. Bb2 Bxf3 18. Qxf3 Qd5 19. Qxd5 Nxd5 20. Rfc1
Nf4 21. Rc2 Rfd8 22. Nf3 e6 23. Rd1 Nd5 24. Rcc1 Bh6 25. Rb1 Rxc3 26. Bxc3 Nxc3
27. Kf1 b6 28. Re1 Nxb1 29. Rxb1 Rc8 30. Rb2 Kf8 31. Ke2 Ke7 32. Kd3 Bf4 33. a4
Rc1 34. g3 Bc7 35. Nd2 Ra1 36. Rc2 Kd7 37. Rc4 Ra3+ 38. Ke2 Ra2 39. Kd3 Ra3+
40. Ke2 1/2-1/2

[Event "BSenEM 2014"]
[Site "Berlin"]
[Date "2014.02.01"]
[Round "3.11"]
[White "Witte, Manfred"]
[Black "Baranowsky, Peter"]
[Result "1-0"]
[WhiteElo "2140"]
[BlackElo "1827"]
[Annotator "Jaeger,André"]
[PlyCount "45"]
[EventDate "2014.01.30"]
[WhiteTeam "VfB Hermsdorf e.V."]
[BlackTeam "Sfrd. Berlin 1903 e.V."]

1. e4 c6 2. Ne2 d5 3. e5 g6 4. d4 Bg7 5. f4 c5 6. Be3 f6 7. c3 Bg4 8. h3 cxd4
9. cxd4 Bxe2 10. Bxe2 Qb6 11. Nc3 fxe5 12. fxe5 Bxe5 13. O-O Bg7 14. Nxd5 Qd6
15. Bc4 Nc6 16. Bf4 e5 17. dxe5 Bxe5 18. Bxe5 Nxe5 19. Qa4+ Nc6 20. Rae1+ Kd8
21. Kh1 Kc8 22. Nb6+ Kc7 23. Nxa8+ 1-0

[Event "BSenEM 2014"]
[Site "Berlin"]
[Date "2014.02.01"]
[Round "3.12"]
[White "Plischke, Berthold"]
[Black "Postler, Reinhard"]
[Result "0-1"]
[WhiteElo "1813"]
[BlackElo "2138"]
[Annotator "Jaeger,André"]
[PlyCount "44"]
[EventDate "2014.01.30"]
[WhiteTeam "SV Wesel 1928 e.V."]
[BlackTeam "TSG Oberschöneweide e.V."]

1. e4 c5 2. Nf3 e6 3. d4 cxd4 4. Nxd4 a6 5. c4 Nf6 6. Nc3 Bb4 7. Bd3 Nc6 8.
Nxc6 dxc6 9. e5 Nd7 10. Qe2 Qa5 11. O-O Nxe5 12. Bd2 Nxd3 13. Qxd3 Qc7 14. a3
Be7 15. Ne4 c5 16. b4 b6 17. bxc5 bxc5 18. Rab1 Bd7 19. Qf3 Bc6 20. Bf4 e5 21.
Bxe5 Qxe5 22. Nf6+ Qxf6 0-1

[Event "BSenEM 2014"]
[Site "Berlin"]
[Date "2014.02.01"]
[Round "3.13"]
[White "Hoeckendorf, Hartmut"]
[Black "Mayer, Herbert"]
[Result "1/2-1/2"]
[WhiteElo "2085"]
[BlackElo "1777"]
[Annotator "Jaeger,André"]
[PlyCount "40"]
[EventDate "2014.01.30"]
[WhiteTeam "BSG Pneumant Fürstenwalde e.V."]
[BlackTeam "SC Rochade e.V."]

1. e4 c6 2. d4 d5 3. Nc3 dxe4 4. Nxe4 Bf5 5. Qf3 Bxe4 6. Qxe4 Nf6 7. Qd3 e6 8.
Nf3 Nbd7 9. Be2 Be7 10. O-O O-O 11. Bg5 Nd5 12. Bxe7 Qxe7 13. c4 Nf4 14. Qe3
Nxe2+ 15. Qxe2 Nf6 16. Rad1 Rfd8 17. Rfe1 Qc7 18. b3 h6 19. Qe5 Qxe5 20. dxe5
Ne8 1/2-1/2

[Event "BSenEM 2014"]
[Site "Berlin"]
[Date "2014.02.01"]
[Round "3.14"]
[White "Keusch, Horst"]
[Black "Albrecht, Rainer"]
[Result "1/2-1/2"]
[WhiteElo "1819"]
[BlackElo "2083"]
[Annotator "Jaeger,André"]
[PlyCount "35"]
[EventDate "2014.01.30"]
[WhiteTeam "SC Friesen Lichtenberg e.V."]
[BlackTeam "SC Kreuzberg e.V."]

1. f4 e6 2. Nf3 d5 3. e3 Nf6 4. b3 Be7 5. Bb2 O-O 6. Be2 c5 7. O-O Nc6 8. Ne5
Nxe5 9. fxe5 Nd7 10. Bd3 f5 11. c4 Qc7 12. Na3 Nxe5 13. Be2 Bf6 14. Nb5 Qe7 15.
d4 Nc6 16. Ba3 b6 17. dxc5 Bxa1 18. cxb6 1/2-1/2

[Event "BSenEM 2014"]
[Site "Berlin"]
[Date "2014.02.01"]
[Round "3.15"]
[White "Kollberg, Lothar"]
[Black "Albinus, Guenter"]
[Result "1/2-1/2"]
[WhiteElo "2037"]
[BlackElo "1765"]
[Annotator "Jaeger,André"]
[PlyCount "76"]
[EventDate "2014.01.30"]
[WhiteTeam "SC Rotation Pankow e.V."]
[BlackTeam "SG Weißensee 49 e.V."]

1. d4 Nf6 2. c4 e6 3. Nc3 d5 4. cxd5 exd5 5. Bg5 Be7 6. e3 c6 7. Qc2 Be6 8. Bd3
Nbd7 9. Nge2 O-O 10. O-O Re8 11. b4 Rc8 12. Rab1 h6 13. Bf4 Nb6 14. h3 Bd6 15.
Rfd1 Qe7 {(=)} 16. Bxd6 Qxd6 17. a4 Qd7 18. Nf4 Qd6 19. Nxe6 fxe6 20. Bg6 Re7
21. f4 Nc4 22. Qf2 a5 23. bxa5 Nxa5 24. Bd3 Qc7 25. Rdc1 Qd8 26. Qg3 Ra8 27.
Kh2 b6 28. Qg6 Rb7 29. Rd1 Qe8 30. Qxe8+ Rxe8 31. Rb4 Reb8 32. Rdb1 c5 33. dxc5
bxc5 34. Rb5 c4 35. Rxa5 cxd3 36. Rab5 Rxb5 37. axb5 Rc8 38. Nd1 Ne4 {(=)}
1/2-1/2

[Event "BSenEM 2014"]
[Site "Berlin"]
[Date "2014.02.01"]
[Round "3.17"]
[White "Lukas, Wilmar"]
[Black "Grabinger, Hartmut"]
[Result "0-1"]
[WhiteElo "1705"]
[BlackElo "1897"]
[Annotator "Jaeger,André"]
[PlyCount "88"]
[EventDate "2014.01.30"]
[WhiteTeam "SC Schwarz-Weiß Lichtenrade e.V."]
[BlackTeam "SK Tempelhof 1931 e.V."]

1. e4 c5 2. Nf3 d6 3. d4 cxd4 4. Nxd4 Nf6 5. Nc3 a6 6. Be2 e5 7. Nb3 Be7 8. Be3
Be6 9. O-O O-O 10. Bf3 Nbd7 11. h3 Nb6 12. Qc1 Nc4 13. Bg5 Rc8 14. Nd2 Nb6 15.
Qe1 Qc7 16. Be2 h6 17. Be3 d5 18. Bxb6 Qxb6 19. exd5 Nxd5 20. Nxd5 Bxd5 21. c4
Be6 22. b3 Bb4 23. Qc1 Rfd8 24. Ne4 f5 25. Nf6+ Kh8 26. Nh5 Bf7 27. Ng3 Qf6 28.
a3 Bd6 29. Qb2 Bg6 30. b4 Qg5 31. c5 Bb8 32. Rad1 f4 33. Bg4 fxg3 34. Bxc8
gxf2+ 35. Kh1 Rxc8 36. Rxf2 e4 37. Rdf1 Be5 38. Rf8+ Rxf8 39. Rxf8+ Kh7 40. Qf2
Qc1+ 41. Qf1 Qxa3 42. Qc4 Qa1+ 43. Rf1 Qd4 44. Qe6 e3 0-1

[Event "BSenEM 2014"]
[Site "Berlin"]
[Date "2014.02.01"]
[Round "3.19"]
[White "Wolf, Manfred"]
[Black "Mietzelfeldt, Gerhard"]
[Result "0-1"]
[WhiteElo "1862"]
[BlackElo "1688"]
[Annotator "Jaeger,André"]
[PlyCount "151"]
[EventDate "2014.01.30"]
[WhiteTeam "SV Berolina Mitte e.V."]
[BlackTeam "SG Narva Berlin e.V."]

1. Nf3 d5 2. b3 Nf6 3. Bb2 e6 4. e3 Nbd7 5. Be2 Be7 6. O-O c5 7. c4 O-O 8. d3
b6 9. Nbd2 Bb7 10. cxd5 exd5 11. d4 Rc8 12. Rc1 Ne4 13. dxc5 Nxd2 14. Qxd2 bxc5
15. Rfd1 Nf6 16. Qc2 h6 17. Qc3 Qb6 18. Ne5 Ne4 19. Qc2 Rfd8 20. Bd3 Qe6 21. f3
Nd6 22. Qf2 Nf5 23. g4 Nd6 24. f4 Ne4 25. Bxe4 dxe4 26. f5 Qa6 27. Nc4 f6 28.
Qc2 Rxd1+ 29. Rxd1 Bc6 30. a4 Rc7 31. Kf2 Qc8 32. Nd6 Qb8 33. Qc4+ Kh7 34. Ba3
Rd7 35. Bxc5 Bxd6 36. Bxa7 Qc7 37. Rc1 Bb7 38. Qxc7 Rxc7 39. Rxc7 Bxc7 40. h3
Bd6 41. Bd4 Kg8 42. Bc3 Kf7 43. b4 Bc6 44. b5 Bd7 45. Bd4 Bb8 46. Bc5 g6 47. h4
gxf5 48. gxf5 h5 49. Kg2 Ke8 50. Bd4 Ke7 51. Bc5+ Kd8 52. Bb6+ Kc8 53. Bd4 Bxf5
54. a5 Be6 55. Bxf6 Bc4 56. b6 Kb7 57. Bc3 Kc6 58. Be1 Ba6 59. Bg3 Bd6 60. Bxd6
Kxd6 61. Kf2 Kd5 62. Kg3 Ke5 63. Kf2 Kf5 64. Kg3 Bc8 65. Kh3 Ke5+ 66. Kg3 Ba6
67. Kf2 Kd5 68. Kg3 Kc4 69. Kf4 Kd3 70. Ke5 Kxe3 71. Kd6 Kf2 72. Kc7 e3 73. b7
Bxb7 74. Kxb7 e2 75. a6 e1=Q 76. a7 0-1

[Event "BSenEM 2014"]
[Site "Berlin"]
[Date "2014.02.01"]
[Round "3.20"]
[White "Kothe, Manfred"]
[Black "Hesselbarth, Karlheinz"]
[Result "1/2-1/2"]
[WhiteElo "1856"]
[BlackElo "1685"]
[Annotator "Jaeger,André"]
[PlyCount "51"]
[EventDate "2014.01.30"]
[WhiteTeam "SC Zugzwang 95 e.V."]
[BlackTeam "SC Zugzwang 95 e.V."]

1. e4 c5 2. Nf3 e6 3. d4 cxd4 4. Nxd4 Nf6 5. Nc3 Bb4 6. Bd3 Nc6 7. Be3 e5 8.
Nxc6 dxc6 9. Qd2 O-O 10. f3 Qe7 11. a3 Ba5 12. b4 Bb6 13. Na4 Bd4 14. c3 Bxe3
15. Qxe3 b6 16. Rc1 Be6 17. O-O Rfd8 18. Bc2 Bc4 19. Rfd1 Qe6 20. Nb2 Bb3 21.
Qe2 Kf8 22. a4 Ke7 23. Rd3 Rxd3 24. Bxd3 a5 25. b5 Nd7 26. bxc6 1/2-1/2

[Event "BSenEM 2014"]
[Site "Berlin"]
[Date "2014.02.01"]
[Round "3.21"]
[White "Koerner, Helmut"]
[Black "Willin, Bernhard"]
[Result "1/2-1/2"]
[WhiteElo "1715"]
[BlackElo "1854"]
[Annotator "Jaeger,André"]
[PlyCount "77"]
[EventDate "2014.01.30"]
[WhiteTeam "Sfr.Nord-Ost Berlin"]
[BlackTeam "SC Horben"]

1. b4 d5 2. Bb2 Bf5 3. Nf3 Nd7 4. e3 h6 5. c4 e6 6. a3 Ngf6 7. Be2 c6 8. O-O
Bd6 9. d4 O-O 10. Bd3 Ne4 11. Nc3 Bh7 12. Ne2 f5 13. Ne5 Nxe5 14. dxe5 Bc7 15.
f3 Ng5 16. Qc2 Qe7 17. b5 Rfc8 18. Qb3 Nf7 19. f4 Nd8 20. a4 Bb6 21. Bd4 Bxd4
22. exd4 Bg6 23. cxd5 cxd5 24. Rfc1 Be8 25. Rc3 Qd7 26. Rac1 b6 27. Qc2 Rxc3
28. Qxc3 Qe7 29. a5 Bh5 30. a6 Kh7 31. Ng3 Be8 32. Qd2 Qd7 33. Qc2 Qe7 34. Qd2
Qd7 35. Rc3 Rc8 36. Qc2 Rxc3 37. Qxc3 Nf7 38. Nf1 h5 39. h4 1/2-1/2

[Event "BSenEM 2014"]
[Site "Berlin"]
[Date "2014.02.01"]
[Round "3.22"]
[White "Hoffmann, Peter"]
[Black "Woelfert, Juergen"]
[Result "1-0"]
[WhiteElo "1850"]
[BlackElo "1571"]
[Annotator "Jaeger,André"]
[PlyCount "123"]
[EventDate "2014.01.30"]
[WhiteTeam "BSG 1827 Eckbauer e.V."]
[BlackTeam "SC Oberkrämer"]

1. e4 c5 2. Nf3 d6 3. Bb5+ Bd7 4. Bxd7+ Qxd7 5. c4 g6 6. Nc3 Bg7 7. d4 cxd4 8.
Nxd4 Nc6 9. Be3 Nf6 10. f3 O-O 11. O-O a6 12. Nde2 Ne5 13. b3 b5 14. cxb5 axb5
15. h3 Rab8 16. f4 Nc6 17. Qd3 Qb7 18. Ng3 Nb4 19. Qd2 Rfc8 20. e5 Nfd5 21.
Nxd5 Nxd5 22. Bd4 dxe5 23. fxe5 e6 24. Ne4 Qe7 25. Nd6 Rf8 26. Rf3 f5 27. Rc1
Qh4 28. Qf2 Qh5 29. a3 f4 30. Qe2 Rfd8 31. Nxb5 Ne7 32. Bb2 Rd5 33. Nc7 Rxb3
34. Nxd5 Nxd5 35. Rc2 Rb8 36. Bd4 Rb1+ 37. Kh2 Bf8 38. Rc8 Kf7 39. Qa6 Qf5 40.
Qd3 Qxd3 41. Rxd3 g5 42. g3 Re1 43. Kg2 h5 44. Kf2 Re4 45. Kf3 Re1 46. gxf4
gxf4 47. Rc2 Bg7 48. Re2 Rf1+ 49. Kg2 Rc1 50. Rb3 Rc4 51. Rd2 Bh6 52. Kf3 Rc1
53. Rb7+ Ke8 54. Rg2 Rf1+ 55. Bf2 Ne7 56. Rg1 Rxg1 57. Bxg1 Nd5 58. Bc5 Nc3 59.
Re7+ Kd8 60. Rxe6 Bg7 61. Kxf4 Bh6+ 62. Rxh6 1-0

[Event "BSenEM 2014"]
[Site "Berlin"]
[Date "2014.02.01"]
[Round "3.23"]
[White "Casny, Guenter"]
[Black "Hoppensack, Manfred"]
[Result "0-1"]
[WhiteElo "1670"]
[BlackElo "1847"]
[Annotator "Jaeger,André"]
[PlyCount "60"]
[EventDate "2014.01.30"]
[WhiteTeam "SC Rochade e.V."]
[BlackTeam "SC Friesen Lichtenberg e.V."]

1. c4 e5 2. Nc3 Nf6 3. Nf3 Nc6 4. g3 d6 5. Bg2 Be6 6. b3 Qd7 7. Ng5 Bf5 8. e4
Bg4 9. f3 Bh5 10. Bh3 Qd8 11. Bg2 {(=)} h6 12. Nh3 Qd7 13. Nf2 Nd4 14. O-O Nh7
15. g4 Bg6 16. d3 Be7 17. Ne2 Ne6 18. Ng3 Bh4 19. Nf5 Bxf5 20. exf5 Nd4 21. Be3
O-O-O 22. b4 g6 23. fxg6 fxg6 24. b5 Bg5 25. Bxd4 exd4 26. Qa4 Kb8 27. Ne4 Be3+
28. Kh1 Ng5 29. Nf6 Qf7 30. Nd5 Ne6 {Rest unklar, nur 1 Mitschrift vorhanden.}
0-1

[Event "BSenEM 2014"]
[Site "Berlin"]
[Date "2014.02.01"]
[Round "3.24"]
[White "Peter, Volkhard"]
[Black "Fieguth, Bernd"]
[Result "0-1"]
[WhiteElo "1676"]
[BlackElo "1842"]
[Annotator "Jaeger,André"]
[PlyCount "62"]
[EventDate "2014.01.30"]
[WhiteTeam "SC Oranienburg e.V."]
[BlackTeam "SF Friedrichshagen"]

1. e4 e5 2. f4 Bc5 3. Nf3 d6 4. Bc4 Nf6 5. Nc3 Nc6 6. d3 O-O 7. Na4 Bg4 8. Nxc5
dxc5 9. Be3 Nd4 10. fxe5 Nd7 11. Bf4 Bxf3 12. gxf3 Nc6 13. e6 fxe6 14. Bxe6+
Kh8 15. Bg3 Nd4 16. Bg4 Nf6 17. Bh4 Qd6 18. Bg3 Qb6 19. c3 Nxg4 20. cxd4 Ne3
21. Qe2 cxd4 22. a3 c5 23. Bf2 Qa5+ 24. Qd2 Nc2+ 25. Ke2 Qxd2+ 26. Kxd2 Nxa1
27. Rxa1 Rxf3 28. Ke2 Raf8 29. Bg3 Re3+ 30. Kd2 Rff3 31. Kc2 Rxd3 {Rest unklar.
} 0-1

[Event "BSenEM 2014"]
[Site "Berlin"]
[Date "2014.02.01"]
[Round "3.25"]
[White "Dombrowsky, Michael"]
[Black "Wolf, Wilfried"]
[Result "1-0"]
[WhiteElo "1981"]
[BlackElo "1634"]
[Annotator "Jaeger,André"]
[PlyCount "83"]
[EventDate "2014.01.30"]
[WhiteTeam "Bergstedter SK von 1962"]
[BlackTeam "Betriebsschach Berlin"]

1. e4 e5 2. Nf3 Nc6 3. Nc3 Nf6 4. d4 exd4 5. Nd5 Be7 6. Nxd4 Nxd4 7. Qxd4 d6 8.
Nxe7 Qxe7 9. Bd3 h6 10. O-O O-O 11. Re1 Qe5 12. c3 Qxd4 13. cxd4 Re8 14. Bf4
Bd7 15. Rac1 Rac8 16. b4 g5 17. Bd2 Nh7 18. f3 b5 19. Rc3 Re7 20. Rec1 Be8 21.
Kf2 Nf8 22. Be3 f6 23. d5 Ng6 24. Bxa7 Ne5 25. Be2 c5 {(=)} 26. Bb6 c4 27. Ra3
Rb7 28. Bd4 Kg7 29. Ra6 Nf7 30. Rc3 Kg6 31. Bd1 Rd8 32. g3 Ne5 33. Be2 Nf7 34.
f4 Kg7 35. Rca3 Bd7 36. Bh5 Be8 37. Bg4 Nh8 38. Ra7 Rdb8 39. R3a6 Nf7 40. Rxb7
Rxb7 41. Be6 Rc7 42. Bc3 1-0

[Event "BSenEM 2014"]
[Site "Berlin"]
[Date "2014.02.01"]
[Round "3.26"]
[White "Weigelt, Reinhard"]
[Black "Sube, Guenter"]
[Result "1-0"]
[WhiteElo "1878"]
[BlackElo "1622"]
[Annotator "Jaeger,André"]
[PlyCount "57"]
[EventDate "2014.01.30"]
[WhiteTeam "SV Berolina Mitte e.V."]
[BlackTeam "SV Bau-Union e.V."]

1. e4 e6 2. d4 d5 3. Bd3 dxe4 4. Bxe4 Nf6 5. Bg5 h6 6. Bxf6 Qxf6 7. c3 c6 8.
Nf3 Bd6 9. O-O O-O 10. Nbd2 Nd7 11. Bc2 Qe7 12. Ne4 Nf6 13. Nxd6 Qxd6 14. Ne5
Nd7 15. f4 Nxe5 16. fxe5 Qe7 17. Qd3 g6 18. Rf6 Bd7 19. Raf1 c5 20. R1f3 cxd4
21. Rg3 Be8 22. Qxd4 Rd8 23. Qe3 Kg7 24. h4 Qd7 25. Bd3 Qd5 26. h5 Rh8 27. hxg6
fxg6 28. Bxg6 Qd1+ 29. Kh2 1-0

[Event "BSenEM 2014"]
[Site "Berlin"]
[Date "2014.02.01"]
[Round "3.27"]
[White "Hohn, August"]
[Black "Kujawa, Werner"]
[Result "1-0"]
[WhiteElo "1824"]
[BlackElo "1609"]
[Annotator "Jaeger,André"]
[PlyCount "73"]
[EventDate "2014.01.30"]
[WhiteTeam "SC Zugzwang 95 e.V."]
[BlackTeam "SV Motor Wildau e.V."]

1. c4 Nf6 2. Nc3 d5 3. cxd5 Nxd5 4. g3 Nxc3 5. bxc3 g6 6. Bg2 Bg7 7. Nf3 O-O 8.
O-O c5 9. Rb1 Qa5 10. Qb3 Rd8 11. Ne1 Nc6 12. Qb5 Qxa2 13. Rb2 Qe6 14. Qxc5
Qxe2 15. d4 Qa6 16. d5 Ne5 17. Qxe7 Bf5 18. Bf4 Rd7 19. Qc5 Nd3 20. Nxd3 Qxd3
21. Rc1 b6 22. Qc6 Rdd8 23. Rd2 Qa6 24. Bc7 Bd7 25. Qd6 Bf8 26. Qf6 Bg7 27. Qf4
Re8 28. d6 Be5 29. Qf3 Qa4 30. Qd1 Qxd1+ 31. Rdxd1 Bg4 32. Bxa8 Bxd1 33. Bc6
Re6 34. Rxd1 Bxc3 35. Bd5 Re1+ 36. Rxe1 Bxe1 37. d7 1-0

[Event "BSenEM 2014"]
[Site "Berlin"]
[Date "2014.02.01"]
[Round "3.29"]
[White "Fitzke, Ulrich"]
[Black "Kranch, Klaus"]
[Result "0-1"]
[WhiteElo "1803"]
[BlackElo "1593"]
[Annotator "Jaeger,André"]
[PlyCount "78"]
[EventDate "2014.01.30"]
[WhiteTeam "SV Bau-Union e.V."]
[BlackTeam "SC Rochade e.V."]

1. d4 d5 2. c4 e6 3. Nc3 Nf6 4. Nf3 c6 5. e3 Nbd7 6. Bd3 dxc4 7. Bxc4 b5 8. Bd3
a6 9. O-O c5 10. b3 Bb7 11. Bb2 cxd4 12. Nxd4 Be7 13. Rc1 O-O 14. Qe2 Nc5 15.
Bb1 Qb6 16. Kh1 Rad8 17. b4 Ncd7 18. a3 Ne5 19. Ba2 Rd6 20. Rfd1 Rfd8 21. h3
Qa7 22. Nc2 Qa8 23. Ne1 Ng6 24. Rxd6 Rxd6 25. Rd1 Rxd1 {(=)} 26. Nxd1 Nh4 27.
Qf1 Ne4 28. Nc3 Nd2 29. Qe2 Bxg2+ 30. Kg1 Ndf3+ 31. Nxf3 Nxf3+ 32. Kxg2 Nd4+
33. f3 Nxe2 34. Nxe2 Qd8 35. Bc3 Bh4 36. Nf4 Qg5+ 37. Kf1 Qg3 38. Ke2 Qf2+ 39.
Kd3 Qxa2 0-1